Simulation with Arena

Сохранить в:
Библиографические подробности
Главные авторы: Kelton, W. David (Автор), Sadowski, Randall P (Автор), Swets, Nancy B (Автор)
Формат:
Язык:английский
Опубликовано: New York, USA McGraw-Hill 2010
Редактирование:Fifth edition
Предметы:
Метки: Добавить метку
Нет меток, Требуется 1-ая метка записи!

MARC

LEADER 00000cam a2200000 a 4500
001 UCG8063
003 CL-VaPUC
005 20231116092823.0
008 111118e20100000US |||||||||||||||||eng|d
999 |c 345702  |d 345700 
020 |a 9780073376288 
040 |c Pontificia Universidad Católica de Valparaíso 
082 0 4 |a 003.35369 KEL 2010  |2 21 
100 |a Kelton, W. David  |e author  |9 584640 
245 1 0 |a Simulation with Arena 
250 |a Fifth edition  
260 |a New York, USA  |b McGraw-Hill  |c 2010 
300 |a 636 páginas  
583 |a last modification  |c 20111118 11:09:00  |k Rodrigo Vera 
650 0 |a Simulación por computador  |9 260988 
650 0 |a Modelos matemáticos   |9 259437 
650 0 |a Estadísticas matemáticas  |9 335044 
650 0 |a Software  |x ARENA   |9 387312 
700 0 |a Sadowski, Randall P  |e author  |9 558610 
700 0 |a Swets, Nancy B  |e author  |9 558611 
852 |a BIBING 
852 |a BIBGIM 
942 |c BK  |2 ddc 
945 |d 20111118 00:00:00  |a dcastane 
952 |0 0  |1 0  |4 0  |6 003_353690000000000_KEL_2010  |7 0  |8 A  |9 430823  |a BIBING  |b BIBING  |d 2019-11-22  |i 4618017  |l 1  |o 003.35369 KEL 2010  |p 4618017  |q 2020-09-30  |r 2020-08-03  |s 2020-08-03  |w 2019-11-22  |y BK  |k EII 
952 |0 0  |1 0  |4 0  |6 003_353690000000000_KEL_2010  |7 0  |8 A  |9 445500  |a BIBGIM  |b BIBGIM  |d 2019-11-22  |i 4799925  |o 003.35369 KEL 2010  |p 4799925  |r 2025-01-15  |w 2019-11-22  |y BK  |k EST